Quelle ville aux États-Unis? - Statistiques

Statistiques générales
  • Ce quiz a été pris 571 fois
  • Le résultat moyen est 10 sur 29
Statistiques - réponses
description ville % Correct
Son code d'aéroport est LAX L Los Angeles
96%
A le plus de Cubano-Américains M Miami
68%
La plus grande ville du Nouveau-Mexique A Albuquerque
64%
« Sin City » , la ville du péché L Las Vegas
62%
1773 Tea Party B Boston
59%
« La ville sur la baie » S San Francisco
59%
A perdu plus d'un million de résidents depuis 1950 D Détroit
57%
A l'aéroport le plus achalandé du monde A Atlanta
55%
Où la « Cloche de la Liberté » est P Philadelphie
54%
Où la Space Needle est S Seattle
52%
Edgar Allan Poe a vécu ici B Baltimore
42%
Ville hôte des Jeux olympiques d'hiver de 2002 S Salt Lake City
42%
Célèbre ville de ski du Colorado A Aspen
41%
Endommagé par Ouragan Harvey en 2017 H Houston
38%
Cette ville n'est pas venteuse, malgré son surnom C Chicago
30%
À la frontière de Ciudad Juárez E El Paso
29%
Ville la plus peuplée dont le nom commence par « Fort » F Fort {Worth}
29%
Son bâtiment fédéral a été bombardé en 1995 O Oklahoma City
22%
Capitale de l'etat le moins peuplé C Cheyenne
19%
« Passerelle de l'Ouest » S Saint-Louis
10%
La ville la moins peuplée qui abrite une équipe de football américain NFL G Green Bay
9%
Capitale des îles Vierges américaines C {Charlotte}-Amélie
8%
La plus grande ville d'Hawaï, alias « Grande Île » H Hilo
8%
Ville du Wyoming nommée d'après Buffalo Bill C Cody
6%
La plus grande ville sur les rives du lac Supérieur D Duluth
6%
Elvis est né ici T Tupelo
6%
Ville près du parc national d'Acadie B Bar Harbor
4%
La plus grande ville des Mariannes du Nord S Saïpan
4%
Cette ville fantôme dans en Pennsylvanie "centrale" a eu un feu de mine en cours depuis 1962 C Centralia
1%
Aucun quiz correspondant
Distribution des résultats
% des personnes avec chaque résultat
Percentile par nombre de réponses
Votre historique - résultats
Vous n’avez pas pris ce quiz